Loading...
| Literature - European Literature | 0 | 5 | 0 | 2 | 50 | 121 | 131.80 | 0 | 0 |
| Literature - World Literature | 0 | 4 | 0 | 0 | 40 | 108 | 121.50 | 0 | 1 |
| Literature - American Literature | 0 | 4 | 2 | 0 | 30 | 107 | 124.25 | 0 | 1 |
| Current Events | 0 | 2 | 0 | 1 | 20 | 99 | 121.00 | 0 | 0 |
| Science - Biology | 0 | 3 | 2 | 1 | 20 | 94 | 112.33 | 0 | 0 |
| Literature - British Literature | 0 | 2 | 1 | 1 | 15 | 111 | 130.00 | 0 | 0 |
| History - World History | 0 | 1 | 0 | 0 | 10 | 92 | 92.00 | 0 | 0 |
| Mythology | 0 | 1 | 0 | 0 | 10 | 113 | 113.00 | 0 | 0 |
| Science - Chemistry | 0 | 1 | 1 | 0 | 5 | 103 | 103.00 | 0 | 0 |
| Fine Arts - Other Fine Arts | 0 | 0 | 0 | 0 | 0 | 0.00 | 0 | 0 | |
| Religion | 0 | 1 | 2 | 0 | 0 | 51 | 51.00 | 0 | 0 |
| Fine Arts - Classical Music | 0 | 0 | 0 | 0 | 0 | 0.00 | 0 | 0 | |
| Painting & Sculpture | 0 | 0 | 1 | 0 | -5 | 0.00 | 0 | 0 | |
| Philosophy | 0 | 0 | 1 | 0 | -5 | 0.00 | 0 | 0 |